00225nam a2200085Ia 450000100070000000500170000700800410002424500500006526000240011578840620250826170358.0250824s9999 xx 000 0 und d 0aNESL-İ AHİRcHALİD ZİYA UŞAKLIGİL bÖZGÜR YAYINLARI